Online Catalogue and eLibrary

Confessions of a secular fundamentalist : (Record no. 514)

MARC details
000 -LEADER
fixed length control field 00425nam a22001577a 4500
005 - DATE AND TIME OF LATEST TRANSACTION
control field 20240229013942.0
008 - FIXED-LENGTH DATA ELEMENTS--GENERAL INFORMATION
fixed length control field 240229b |||||||| |||| 00| 0 eng d
020 ## - INTERNATIONAL STANDARD BOOK NUMBER
ISBN 0143062050.
082 ## - DDC Classification
DDC Edition Number 22
Class No. 322.4
Item Number - Author Mark CON.
100 ## - MAIN ENTRY--PERSONAL NAME
Personal name Aiyar, Shankar mani.
245 ## - TITLE STATEMENT
Title Confessions of a secular fundamentalist :
Statement of responsibility, etc. Mani Shankar Aiyar.
260 ## - PUBLICATION, DISTRIBUTION, ETC.
Place of publication, distribution, etc. India ;
Name of publisher, distributor, etc. Penguin books /
Date of publication, distribution, etc. 2006.
300 ## - PHYSICAL DESCRIPTION
Extent (e.g. Volumes, Pages etc.) 290, p.,
650 ## - SUBJECT ADDED ENTRY--TOPICAL TERM
Topical term or geographic name entry element History
942 ## - Koha item type (Biblio)
Koha item type Books in Stacks (Lending)
Holdings
Lost status Damaged status Collection code Home library Current library Date acquired Full call number Accession Number Item type
    Lending WERC Library WERC Library 02/29/2024 322.4 CON. 5997 Books in Stacks (Lending)

© WERC Library